000 00616nam a2200229Ia 4500
003 OSt
005 20221005123458.0
006 a|||||r|||| 00| 0
007 ta
008 221004b |||||||| |||| 00| 0 eng d
024 _a57973
037 _cTextual
040 _aCRL
_cCRL
_beng
041 _2eng
_aeng
082 _aV2:21wK80, G2
100 _aBurway Mukund Wamanrao
_9633705
245 0 _aLife and times of Shivaji II (Chatrapati Shahu) 1680-1749 A D
260 _c1932
650 _aHISTORY
942 _hV2:21wK80, G2
_cTEXL
_2cc
999 _c1047545
_d1047545